Регионална библиотека "Любен Каравелов" - Русе

Богът на диверсиите (Запис номер 85191)

MARC детайли
000 -Лидер
Контролно поле с фиксирана дължина 03100nam a2200613 c 4500
003 - Код на организацията, давaща контролен номер
Контролно поле BLK
005 - Дата и час на последна редакция
Контролно поле 20250313150857.0
008 - Елементи от данни с фиксирана дължина
fixed length control field 180408b bul|||||r ||||||| ||bul||
010 ## - Наследен системен номер
LC control number KNG00089787000
020 ## - Международен стандартен номер на книга ISBN
Международен стандартен номер на книга ISBN 978-954-729-260-4
-- издат.: АТИКА - на том(кн. 2)
040 ## - Източник на каталожния запис
Идентификатор на билиотеката - собственик на записа BLK
041 ## - Код за език
Код за езика на текст/звукозапис или на отделно заглавие Български
Код за езика КДБФ Български
080 ## - УДК
Текстов определител УДК Военна история - Военни походи, битки, героични подвизи. Вж и 93/99
УДК код - определител по УДК 355.48
УДК определител (47+57)(092)(093.3)
УДК - код + определител 355.48(47+57)(092)(093.3)
080 ## - УДК
Текстов определител УДК История на Русия и СССР. Вж и 936 ; 957
УДК код - определител по УДК 94(470)
УДК определител (092)(093.3)
УДК - код + определител 94(470)(092)(093.3)
080 ## - УДК
Текстов определител УДК История на Испания
УДК код - определител по УДК 946.0
УДК определител (093.3)
УДК - код + определител 946.0(093.3)
080 ## - УДК
Текстов определител УДК История на Втората световна война (1939-1945)
УДК код - определител по УДК 940.53
УДК определител (093.3)
УДК - код + определител 940.53(093.3)
080 ## - УДК
Текстов определител УДК Съветски офицер, експерт по диверсии
УДК код - определител по УДК 929 Старинов, Иля Григориевич
УДК определител
УДК - код + определител 929 Старинов, Иля Григориевич
100 1# - Редна дума - Автор
Автор Старинов, Иля Григориевич
Авторска отговорност първи автор
R(LIN) 123955
139 ## - Редно поле
Редна дума Старинов, Иля Григориевич
Авторски знак Стар - С 71
245 10 - Сведения за заглавието
Заглавие Богът на диверсиите
Подзаглавни данни Кн. 1 - 2
Редно поле (дума) Иля Григориевич Старинов; прев. от рус. Ленко Веселинов.
Том Кн. 2
257 ## - Страна на издаване
Страна на създаване/издаване СССР
260 ## - Област на издателските данни
-- София
Година на издаване 2009
300 ## - Физическа характеристика
Размери/Мащаб 20 см
380 ## - Жанр
Жанр Худож. лит.
490 1# - СЕРИИ (Колекции)
Име на серия Досие
500 ## - Общи забележки
Забележка Ориг. загл. Записки диверсанта / Илья Григорьевич Старинов. - Офс. изд.
600 14 - Име на лице, използвано като предмет
За него / За нея Старинов, Иля Григориевич
9 (RLIN) 123955
650 #4 - Допълнително описание по предмет – тема
Основно описание – тема или топоним Военна история - СССР
9 (RLIN) 254921
650 #4 - Допълнително описание по предмет – тема
Основно описание – тема или топоним Гражданска война - Испания, 1936-1939 г. - спомени
9 (RLIN) 245521
650 #4 - Допълнително описание по предмет – тема
Основно описание – тема или топоним Втора световна война - спомени
9 (RLIN) 243237
650 #4 - Допълнително описание по предмет – тема
Основно описание – тема или топоним Велика Отечествена война - СССР
9 (RLIN) 254920
650 #4 - Допълнително описание по предмет – тема
Основно описание – тема или топоним Старинов, Иля Григориевич - спомени
9 (RLIN) 171970
651 #4 - Допълнително описание по предмет - топоним
Географско понятие СССР
9 (RLIN) 179592
651 #4 - Допълнително описание по предмет - топоним
Географско понятие Испания
9 (RLIN) 178962
651 #4 - Допълнително описание по предмет - топоним
Географско понятие Полша
9 (RLIN) 179388
651 #4 - Допълнително описание по предмет - топоним
Географско понятие Югославия
9 (RLIN) 179822
653 ## - Ключова дума – ненормативна
Ключова дума Иля Старинов
653 ## - Ключова дума – ненормативна
Ключова дума военна история
653 ## - Ключова дума – ненормативна
Ключова дума диверсии
653 ## - Ключова дума – ненормативна
Ключова дума гражданска война
653 ## - Ключова дума – ненормативна
Ключова дума Велика отечествена война
653 ## - Ключова дума – ненормативна
Ключова дума Втора световна война
653 ## - Ключова дума – ненормативна
Ключова дума партизанско движение
653 ## - Ключова дума – ненормативна
Ключова дума спомени
653 ## - Ключова дума – ненормативна
Ключова дума мемоари
700 1# - Други автори (авторска отговорност)
Лично име Веселинов, Ленко
Автороска отговорност (Описва отношението между автора и произведението) прев. от рус.
9 (RLIN) 371314
760 1# - Описание на основната серия
-- - на том(кн. 2)
Редна дума на основното описание Старинов, Иля Григориевич
Място на издаване, издател и година АТИКА, 2009
Страници - том 320 с. : със сн.
Заглавие Кн. 2
852 ## - Местоположение
Форматна сигнатура Цб 244214
856 4# - Електронен адрес и достъп
Електронен формат pdf - файл
Път до файла /url/
856 4# - Електронен адрес и достъп
Електронен формат pdf - файл
Път до файла /url/
942 ## - АРТИКУЛИ
Вид на библиотечния материал Книги
Скрит в OPAC Не
Koha issues (borrowed), all copies 4
944 ## - СЪЗДАВАНЕ И РЕДАКЦИЯ на ЗАПИСА
Създаване/Редакция Създаване
Дата на регистрацията/редакция 09.06.2009
Статус, дата на статуса Цветомила Тодорова
Служител, извършил регистрацията/редакцията 30576
944 ## - СЪЗДАВАНЕ И РЕДАКЦИЯ на ЗАПИСА
Създаване/Редакция Редакция
Дата на регистрацията/редакция 01.10.2013
Статус, дата на статуса ф /
Служител, извършил регистрацията/редакцията
999 ## - СИСТЕМНИ КОНТРОЛНИ НОМЕРА
Koha biblionumber 85191
Koha biblioitemnumber 85191
Наличности
Код за отписване Код за изгубен артикул Код за повреда Коз за рестрикции Код за отдаване Артикулен № Име на библиотеката - собственик Име на библиотеката, в която се намира в момента Статус (Текущо местоположение) Дата на вписване в системата Местоположение - отдел Цена в лева Инвентарен номер Систематично азбучна сигнатура Баркод Номер на екземпляра Цена в евро Служебна бележка Служебен тип на артикула
  Не е изгубен Не е повреден без рестрикции заемане за дома 138207 Регионална библиотека "Любен Каравелов" Русе Регионална библиотека "Любен Каравелов" Русе Заемна - подръчен фонд 2009-06-09 Заемна - подръчен фонд 9.99 120000736045 П 355.48(092)/С 71 120000736045 1 5.11 Дост: Pk Вид: Ф N: 43 Дата: 03.06.2009 Дата инв: 07.02.2018 Бележки инв: П2018 Книги
  Не е изгубен Не е повреден без рестрикции ползва се в читалня 138208 Регионална библиотека "Любен Каравелов" Русе Регионална библиотека "Любен Каравелов" Русе Хранилище 2013-10-02 Хранилище 9.99 120000769915 Цб 244214 120000769915 2 5.11 Дост: Dp Вид: Д N: 29 Дата: 17.07.2012 Книги
Vip Innovations Ltd, Rousse, Bulgaria 2025